Governing through Standards: the Faceless Masters of Higher Education The Bologna Process, the EU and the Open Method of Coordination /

This book offers an empirical and theoretical account of the mode of governance that characterizes the Bologna Process. In addition, it shows how the reform materializes and is translated in everyday working life among professors and managers in higher education. It examines the so-called Open Metho...

Full description

Bibliographic Details
Main Author: Brøgger, Katja (Author, http://id.loc.gov/vocabulary/relators/aut)
Corporate Author: SpringerLink (Online service)
Format: Electronic eBook
Language:English
Published: Cham : Springer International Publishing : Imprint: Springer, 2019.
Edition:1st ed. 2019.
Series:Educational Governance Research, 10
Subjects:
Online Access:Full Text via HEAL-Link
LEADER 04287nam a2200565 4500
001 978-3-030-00886-4
003 DE-He213
005 20191023172102.0
007 cr nn 008mamaa
008 181109s2019 gw | s |||| 0|eng d
020 |a 9783030008864  |9 978-3-030-00886-4 
024 7 |a 10.1007/978-3-030-00886-4  |2 doi 
040 |d GrThAP 
050 4 |a LC8-6691 
072 7 |a JNF  |2 bicssc 
072 7 |a EDU034000  |2 bisacsh 
072 7 |a JNF  |2 thema 
082 0 4 |a 379  |2 23 
100 1 |a Brøgger, Katja.  |e author.  |4 aut  |4 http://id.loc.gov/vocabulary/relators/aut 
245 1 0 |a Governing through Standards: the Faceless Masters of Higher Education  |h [electronic resource] :  |b The Bologna Process, the EU and the Open Method of Coordination /  |c by Katja Brøgger. 
250 |a 1st ed. 2019. 
264 1 |a Cham :  |b Springer International Publishing :  |b Imprint: Springer,  |c 2019. 
300 |a XIII, 185 p. 14 illus., 13 illus. in color.  |b online resource. 
336 |a text  |b txt  |2 rdacontent 
337 |a computer  |b c  |2 rdamedia 
338 |a online resource  |b cr  |2 rdacarrier 
347 |a text file  |b PDF  |2 rda 
490 1 |a Educational Governance Research,  |x 2365-9548 ;  |v 10 
505 0 |a 1. Introduction: It changes everything -- 2. Analyzing education reforms -- 3. The Bologna Process: From hard government to soft governance -- 4. Standardizing Europe: Standards as a mode of governance -- 5. The infrastructure of the Bologna Process: Standards as technology -- 6. The alteration of higher education: The performativity of standards -- 7. Concluding remarks: "Who marks the bench?". . 
520 |a This book offers an empirical and theoretical account of the mode of governance that characterizes the Bologna Process. In addition, it shows how the reform materializes and is translated in everyday working life among professors and managers in higher education. It examines the so-called Open Method of Coordination as a powerful actor that uses "soft governance" to advance transnational standards in higher education. The book shows how these standards no longer serve as tools for what were once human organizational, national or international, regulators. Instead, the standards have become regulators themselves - the faceless masters of higher education. By exploring this, the book reveals the close connections between the Bologna Process and the EU regarding regulative and monitoring techniques such as standardizations and comparisons, which are carried out through the Open Method of Coordination. It suggests that the Bologna Process works as a subtle means to circumvent the EU's subsidiarity principle, making it possible to accomplish a European governance of higher education despite the fact that education falls outside EU's legislative reach. The book's research interest in translation processes, agency and power relations among policy actors positions it in studies on policy transfer, policy borrowing and globalization. However, different from conventional approaches, this study draws on additional interpretive frameworks such as new materialism. 
650 0 |a Educational policy. 
650 0 |a Education and state. 
650 0 |a Higher education. 
650 0 |a Political science. 
650 0 |a Poststructuralism. 
650 0 |a International education . 
650 0 |a Comparative education. 
650 1 4 |a Educational Policy and Politics.  |0 http://scigraph.springernature.com/things/product-market-codes/O19000 
650 2 4 |a Higher Education.  |0 http://scigraph.springernature.com/things/product-market-codes/O36000 
650 2 4 |a Governance and Government.  |0 http://scigraph.springernature.com/things/product-market-codes/911220 
650 2 4 |a Poststructuralism.  |0 http://scigraph.springernature.com/things/product-market-codes/E46000 
650 2 4 |a International and Comparative Education.  |0 http://scigraph.springernature.com/things/product-market-codes/O13000 
710 2 |a SpringerLink (Online service) 
773 0 |t Springer eBooks 
776 0 8 |i Printed edition:  |z 9783030008857 
776 0 8 |i Printed edition:  |z 9783030008871 
830 0 |a Educational Governance Research,  |x 2365-9548 ;  |v 10 
856 4 0 |u https://doi.org/10.1007/978-3-030-00886-4  |z Full Text via HEAL-Link 
912 |a ZDB-2-EDA 
950 |a Education (Springer-41171)